000 00500nam a22001931c 4500
001 a987674927
003 RU-10907106
005 20240123121259.0
008 151125s1968 gw |||| 000u ger d
040 _cRU-10907106
041 _ager
100 1 _aPaulsen, Sigurd
_960294
245 0 4 _aDie Europapolitik der Sowjet-Union /
_cSigurd Paulsen
264 _aTriosdorf :
_bKammweg-Verl,
_c[1968]
300 _a130 S. ; 8-o
650 0 _aAußenpolitik
651 0 _aSowjetunion
942 _cMG
_2z
999 _c26031
_d26031